| 000 | 00747nam a2200229Ia 4500 | ||
|---|---|---|---|
| 003 | GCL | ||
| 008 | 140319s9999 xx 000 0 ara d | ||
| 040 |
_aGCL / _cGCL |
||
| 082 | 0 | 4 |
_aد _b050 |
| 100 | 1 | _aمصطفى ابراهيم فهمى | |
| 245 | 1 | 0 |
_aالنهاية: الكوارث الكونية واثرها فى مسار الكون ( عالم المعرفة 191 ) / _cمصطفى ابراهيم فهمى |
| 700 | 1 | _aعبدالسلام رضوان | |
| 700 | 1 | _aفرانك، كلوز | |
| 300 | _a352 ص | ||
| 490 |
_aعالم المعرفة _v0 |
||
| 650 | 0 | 4 | _aالفضاء |
| 650 | 0 | 4 | _aالفلك |
| 650 | 0 | 4 | _aالكون |
| 650 | 0 | 4 | _aالفضاء الخارجى |
| 650 | 0 | 4 | _aالفيزياء الكونية |
| 942 |
_2ddc _cBK |
||
| 999 |
_c50348 _d50348 |
||